| 000 | 00647nam a2200217 a 4500 | ||
|---|---|---|---|
| 001 | 000047855 | ||
| 003 | DO-SdBNP | ||
| 005 | 20240927073749.0 | ||
| 008 | 090925s2002 dr a 000 p spa d | ||
| 020 | _a9993476153 | ||
| 040 |
_aDO-SdBNP _bspa _cBNPHU |
||
| 082 |
_aRD861.44 _bB171v 2002 |
||
| 100 | 1 |
_a Balaguer, Joaquín, _d1906-2002 _976556 |
|
| 245 | 1 | 0 |
_aVoz silente : _bedición especial / _cJoaquín Balaguer. |
| 260 |
_aSanto Domingo : _bAlfa & Omega, _c2002. |
||
| 300 |
_a136 p. : _bil. ; _c22 cm. |
||
| 590 | _aInventariado, 2018/YL | ||
| 650 | 1 | 4 |
_aPoesía dominicana _966 |
| 650 | 1 | 0 |
_aLiteratura dominicana. _967 |
| 942 |
_2ddc _cLBS1 |
||
| 999 |
_c47343 _d47343 |
||